00921cam a22002417a 4500003000500000005001700005008004100022010001000063011001000073035001000083040000900093100002900102245017700131260004100308300003000349502009300379530003600472650002400508650005100532650001700583856006300600856001600663CHAP20220817043911.0030728s2003 mx a r 00010 spa d a87457 a88429 a98974 cCHAP00aArce Espino, Consepcion.10aEvaluación del avance genético por resistencia en frijol contra Xanthomonas axanopodis pv. phaseoli mejorados por métodos cuantitativosc/por Consepción Arce Espino aChapingo, Méx. :bEl autor,c2003. a51 h. ;bilus. ; gráfs. aTesis (M.C. en Protección Vegetal) -- UACH. Departamento de Parasitología Agrícola aTambién disponible en línea14aFrijolxGenética.14aFrijolxVariedades resistentes a enfermedades.14aXanthomonas. 3Finding aiduhttp://10.13.5.2/tesis/98974.pdfzTeclea aqui a1 n0000452